Магнитоупругость нелинейных тонконесущих оболочек и газодинамика струйных течений: учебное пособие

Bibliografiske detaljer
Hovedforfatter: Мольченко Л. В. Леонид Васильевич
Andre forfattere: Рудов Ю. М. Юрий Михайлович
Sprog:russisk
Udgivet: Киев, Выща школа, 1989
Serier:Новое в науке и технике - студентам и учащимся Вып. 8
Fag:
Format: MixedMaterials Bog
KOHA link:https://koha.lib.tpu.ru/cgi-bin/koha/opac-detail.pl?biblionumber=216713

MARC

LEADER 00000nam0a2200000 4500
001 216713
005 20231031194332.0
010 |a 5110023735 
035 |a (RuTPU)RU\TPU\book\236686 
090 |a 216713 
100 |a 20120528d1989 m y0rusy50 ca 
101 0 |a rus 
102 |a UA 
105 |a a z 001zy 
200 1 |a Магнитоупругость нелинейных тонконесущих оболочек и газодинамика струйных течений  |e учебное пособие  |f Л. В. Мольченко, Ю. М. Рудов 
210 |a Киев  |c Выща школа  |d 1989 
215 |a 112 с.  |c ил. 
225 1 |a Новое в науке и технике - студентам и учащимся  |v Вып. 8 
320 |a Библиогр.: с. 111-113. 
610 1 |a магнитоупругость 
610 1 |a оболочки 
610 1 |a газодинамика 
610 1 |a струйные течения 
610 1 |a учебные пособия 
675 |a 533.6.01(075.8)  |v 3 
700 1 |a Мольченко  |b Л. В.  |g Леонид Васильевич 
701 1 |a Рудов  |b Ю. М.  |g Юрий Михайлович 
801 1 |a RU  |b 63413507  |c 20120528 
801 2 |a RU  |b 63413507  |c 20120621  |g RCR 
942 |c BK